[Event "2025 National K-12 Grade Championship"]
[Site "Spokane, WI USA, United States"]
[Date "2025.12.13"]
[Round "5.1"]
[White "Sloan, Jed"]
[Black "Safranek, William"]
[Result "1/2-1/2"]
[TimeControl "G/90; d10"]
[WhiteTitle "CM"]
[BlackTitle "FM"]
[WhiteFideId "30932289"]
[BlackFideId "30919908"]
[WhiteElo "2202"]
[BlackElo "2343"]

1. e4 {[%clk 01:30:00]} e5 {[%clk 01:21:46]} {[%emt 00:08:25]} 2. Nf3 {[%clk
01:30:00]} {[%emt 00:00:03]} Nc6 {[%clk 01:21:46]} {[%emt 00:00:03]} 3. Bc4
{[%clk 01:30:00]} {[%emt 00:00:08]} Nf6 {[%clk 01:21:46]} {[%emt 00:00:04]} 4.
d3 {[%clk 01:30:00]} {[%emt 00:00:05]} d5 {[%clk 01:21:46]} {[%emt 00:00:03]} 5.
exd5 {[%clk 01:30:00]} {[%emt 00:00:08]} Nxd5 {[%clk 01:21:46]} {[%emt
00:00:03]} 6. O-O {[%clk 01:29:57]} {[%emt 00:00:14]} Nb6 {[%clk 01:21:46]}
{[%emt 00:00:03]} 7. Bb3 {[%clk 01:29:43]} {[%emt 00:00:25]} Bg4 {[%clk
01:21:46]} {[%emt 00:00:06]} 8. a4 {[%clk 01:29:09]} {[%emt 00:00:44]} a5
{[%clk 01:21:13]} {[%emt 00:00:42]} 9. Nc3 {[%clk 01:26:56]} {[%emt 00:02:24]}
Qe7 {[%clk 01:20:23]} {[%emt 00:01:00]} 10. Nd5 {[%clk 01:25:08]} {[%emt
00:01:57]} Qd7 {[%clk 01:14:48]} {[%emt 00:05:45]} 11. Nxb6 {[%clk 01:22:30]}
{[%emt 00:02:49]} cxb6 {[%clk 01:14:48]} {[%emt 00:00:05]} 12. Re1 {[%clk
01:11:46]} {[%emt 00:10:53]} O-O-O {[%clk 01:09:59]} {[%emt 00:04:59]} 13. h3
{[%clk 01:06:16]} {[%emt 00:05:41]} Bxf3 {[%clk 01:07:30]} {[%emt 00:02:39]} 14.
Qxf3 {[%clk 01:06:01]} {[%emt 00:00:25]} Nd4 {[%clk 01:06:33]} {[%emt
00:01:07]} 15. Qxf7 {[%clk 00:48:38]} {[%emt 00:17:32]} Qxf7 {[%clk 01:06:18]}
{[%emt 00:00:26]} 16. Bxf7 {[%clk 00:48:38]} Nxc2 {[%clk 01:06:18]} {[%emt
00:00:02]} 17. Bg5 {[%clk 00:48:35]} {[%emt 00:00:13]} Nxe1 {[%clk 00:57:51]}
{[%emt 00:08:37]} 18. Be6+ {[%clk 00:45:52]} {[%emt 00:02:53]} Kb8 {[%clk
00:56:26]} {[%emt 00:01:35]} 19. Bxd8 {[%clk 00:45:40]} {[%emt 00:00:21]} Nxd3
{[%clk 00:55:30]} {[%emt 00:01:06]} 20. Bxb6 {[%clk 00:42:45]} {[%emt
00:03:06]} Bb4 {[%clk 00:50:22]} {[%emt 00:05:18]} 21. b3 {[%clk 00:41:00]}
{[%emt 00:01:55]} Bc5 {[%clk 00:44:28]} {[%emt 00:06:05]} 22. Bxc5 {[%clk
00:40:14]} {[%emt 00:00:55]} Nxc5 {[%clk 00:44:28]} {[%emt 00:00:06]} 23. Bc4
{[%clk 00:39:34]} {[%emt 00:00:50]} Rd8 {[%clk 00:44:05]} {[%emt 00:00:33]} 24.
f3 {[%clk 00:38:14]} {[%emt 00:01:29]} Rd4 {[%clk 00:42:58]} {[%emt 00:01:17]}
25. Re1 {[%clk 00:36:48]} {[%emt 00:01:36]} e4 {[%clk 00:42:01]} {[%emt
00:01:08]} 26. fxe4 {[%clk 00:36:26]} {[%emt 00:00:32]} Nxe4 {[%clk 00:40:26]}
{[%emt 00:01:44]} 27. Bg8 {[%clk 00:32:22]} {[%emt 00:04:15]} h5 {[%clk
00:34:18]} {[%emt 00:06:17]} 28. Bh7 {[%clk 00:29:55]} {[%emt 00:02:37]} Nf6
{[%clk 00:26:33]} {[%emt 00:07:56]} 29. Bg6 {[%emt 00:01:39]} Rb4 {[%emt
00:00:13]} 30. Re7 {[%emt 00:00:24]} Rxb3 {[%emt 00:00:02]} 31. Rxg7 {[%emt
00:00:02]} Rb4 {[%emt 00:00:07]} 32. Rf7 {[%emt 00:00:20]} 1/2-1/2

[Event "2025 National K-12 Grade Championship"]
[Site "Spokane, WI USA, United States"]
[Date "2025.12.13"]
[Round "5.2"]
[White "Liang, Yu-Cheng"]
[Black "Chakravarty, Aritro"]
[Result "1/2-1/2"]
[TimeControl "G/90; d10"]
[WhiteTitle "CM"]
[WhiteFideId "30958121"]
[BlackFideId "30976847"]
[WhiteElo "2200"]
[BlackElo "2234"]

1. Nf3 {[%clk 01:29:30]} {[%emt 00:00:39]} f5 {[%clk 01:30:00]} {[%emt
00:00:04]} 2. g3 {[%clk 01:29:26]} {[%emt 00:00:13]} Nf6 {[%clk 01:30:00]}
{[%emt 00:00:08]} 3. Bg2 {[%clk 01:29:26]} {[%emt 00:00:04]} g6 {[%clk
01:30:00]} {[%emt 00:00:02]} 4. b3 {[%clk 01:29:17]} {[%emt 00:00:18]} Bg7
{[%clk 01:30:00]} {[%emt 00:00:03]} 5. Bb2 {[%clk 01:29:17]} {[%emt 00:00:07]}
O-O {[%clk 01:30:00]} {[%emt 00:00:02]} 6. O-O {[%clk 01:29:17]} {[%emt
00:00:08]} d6 {[%clk 01:30:00]} {[%emt 00:00:02]} 7. d4 {[%clk 01:29:17]}
{[%emt 00:00:07]} Ne4 {[%clk 01:29:09]} {[%emt 00:01:02]} 8. Nbd2 {[%clk
01:28:31]} {[%emt 00:00:56]} Nc6 {[%clk 01:29:02]} {[%emt 00:00:17]} 9. Ne1
{[%clk 01:28:26]} {[%emt 00:00:15]} Ng5 {[%clk 01:28:24]} {[%emt 00:00:43]} 10.
f4 {[%clk 01:26:47]} {[%emt 00:01:54]} Nf7 {[%clk 01:28:24]} {[%emt 00:00:04]}
11. Nc4 {[%clk 01:23:33]} {[%emt 00:03:25]} e6 {[%clk 01:28:18]} {[%emt
00:00:16]} 12. d5 {[%clk 01:19:52]} {[%emt 00:03:51]} Bxb2 {[%clk 01:23:10]}
{[%emt 00:05:20]} 13. Nxb2 {[%clk 01:19:49]} {[%emt 00:00:12]} exd5 {[%clk
01:22:41]} {[%emt 00:00:39]} 14. Bxd5 {[%clk 01:19:09]} {[%emt 00:00:49]} Qf6
{[%clk 01:22:19]} {[%emt 00:00:33]} 15. Nbd3 {[%clk 01:17:20]} {[%emt
00:01:59]} Re8 {[%clk 01:21:09]} {[%emt 00:01:20]} 16. Nf3 {[%clk 01:12:06]}
{[%emt 00:05:22]} Ne7 {[%clk 01:04:57]} {[%emt 00:16:23]} 17. Bxf7+ {[%clk
01:09:14]} {[%emt 00:03:02]} Qxf7 {[%clk 01:04:39]} {[%emt 00:00:28]} 18. Nf2
{[%clk 01:08:27]} {[%emt 00:00:57]} b6 {[%clk 01:00:19]} {[%emt 00:04:31]} 19.
Qd4 {[%clk 01:06:09]} {[%emt 00:02:25]} Bb7 {[%clk 00:57:12]} {[%emt 00:03:20]}
20. Rfe1 {[%clk 01:01:47]} {[%emt 00:04:30]} h6 {[%clk 00:54:28]} {[%emt
00:02:55]} 21. Nd2 {[%clk 00:55:40]} {[%emt 00:06:17]} d5 {[%clk 00:48:35]}
{[%emt 00:06:04]} 22. Nd3 {[%clk 00:49:15]} {[%emt 00:06:35]} c5 {[%clk
00:48:12]} {[%emt 00:00:33]} 23. Qf2 {[%clk 00:49:15]} {[%emt 00:00:07]} Nc6
{[%clk 00:47:28]} {[%emt 00:00:54]} 24. Nf3 {[%clk 00:47:07]} {[%emt 00:02:16]}
d4 {[%clk 00:47:21]} {[%emt 00:00:19]} 25. Nfe5 {[%clk 00:42:05]} {[%emt
00:05:11]} Nxe5 {[%clk 00:45:47]} {[%emt 00:01:44]} 26. Nxe5 {[%clk 00:42:05]}
{[%emt 00:00:07]} Qe6 {[%clk 00:38:32]} {[%emt 00:07:26]} 27. h3 {[%clk
00:39:00]} {[%emt 00:03:15]} Rad8 {[%clk 00:32:46]} {[%emt 00:05:56]} 28. e3
{[%clk 00:35:32]} {[%emt 00:03:38]} Kh7 {[%clk 00:31:55]} {[%emt 00:01:02]} 29.
Kh2 {[%clk 00:31:10]} {[%emt 00:04:32]} Qd5 {[%clk 00:29:47]} {[%emt 00:02:14]}
30. exd4 {[%clk 00:26:11]} {[%emt 00:05:13]} Qxd4 {[%clk 00:29:33]} {[%emt
00:00:23]} 31. Qxd4 {[%clk 00:25:15]} {[%emt 00:01:06]} Rxd4 {[%clk 00:29:31]}
{[%emt 00:00:12]} 32. Rad1 {[%clk 00:19:08]} {[%emt 00:06:17]} Red8 {[%clk
00:28:27]} {[%emt 00:01:14]} 33. Rxd4 {[%clk 00:17:46]} {[%emt 00:01:33]} Rxd4
{[%clk 00:28:27]} {[%emt 00:00:01]} 34. Re2 {[%clk 00:17:46]} Rd1 {[%clk
00:27:49]} {[%emt 00:00:48]} 35. g4 {[%clk 00:17:36]} {[%emt 00:00:19]} Be4
{[%clk 00:27:00]} {[%emt 00:01:00]} 36. Nc4 {[%clk 00:14:37]} {[%emt 00:03:09]}
Kg7 {[%clk 00:21:41]} {[%emt 00:05:30]} 37. gxf5 {[%clk 00:11:58]} {[%emt
00:02:48]} gxf5 {[%clk 00:21:41]} {[%emt 00:00:09]} 38. a4 {[%clk 00:07:45]}
{[%emt 00:04:23]} Kf6 {[%clk 00:19:40]} {[%emt 00:02:11]} 39. Ne3 {[%clk
00:06:13]} {[%emt 00:01:41]} Rd4 {[%clk 00:18:26]} {[%emt 00:01:24]} 40. Kg3
{[%clk 00:05:18]} {[%emt 00:01:05]} a6 {[%clk 00:18:10]} {[%emt 00:00:26]} 41.
Kf2 {[%clk 00:03:32]} {[%emt 00:01:56]} Bc6 {[%clk 00:17:06]} {[%emt 00:01:14]}
42. Kg3 {[%clk 00:03:29]} {[%emt 00:00:14]} Re4 {[%clk 00:16:32]} {[%emt
00:00:44]} 43. Re1 {[%clk 00:03:08]} {[%emt 00:00:31]} a5 {[%clk 00:11:57]}
{[%emt 00:04:45]} 44. c4 {[%clk 00:03:07]} {[%emt 00:00:11]} Rd4 {[%clk
00:11:30]} {[%emt 00:00:37]} 45. Rd1 {[%clk 00:03:07]} {[%emt 00:00:04]} Be4
{[%clk 00:11:21]} {[%emt 00:00:20]} 46. Kf2 {[%clk 00:01:35]} {[%emt 00:01:41]}
Ke6 {[%clk 00:09:47]} {[%emt 00:01:43]} 47. Ke2 {[%clk 00:01:35]} {[%emt
00:00:09]} Kd7 {[%clk 00:07:59]} {[%emt 00:01:57]} 48. Rd2 {[%clk 00:01:35]}
{[%emt 00:00:10]} Kc6 {[%clk 00:07:43]} {[%emt 00:00:23]} 49. Rd1 {[%clk
00:01:35]} {[%emt 00:00:12]} Kb7 {[%clk 00:07:06]} {[%emt 00:00:47]} 50. Ke1
{[%clk 00:01:35]} {[%emt 00:00:04]} Bd3 {[%clk 00:06:00]} {[%emt 00:01:17]} 51.
Rd2 {[%clk 00:01:35]} {[%emt 00:00:07]} Bb1 {[%clk 00:05:32]} {[%emt 00:00:33]}
52. Nd5 {[%clk 00:01:35]} {[%emt 00:00:12]} Be4 {[%clk 00:03:51]} {[%emt
00:01:52]} 53. Ne3 {[%clk 00:01:35]} {[%emt 00:00:03]} 1/2-1/2

[Event "2025 National K-12 Grade Championship"]
[Site "Spokane, WI USA, United States"]
[Date "2025.12.13"]
[Round "5.3"]
[White "Tripathi, Amogh"]
[Black "Singi, Advay"]
[Result "0-1"]
[TimeControl "G/90; d10"]
[WhiteFideId "30980631"]
[BlackFideId "39903141"]
[WhiteElo "2221"]
[BlackElo "1987"]

1. Nf3 {[%clk 01:29:33]} {[%emt 00:00:36]} c5 {[%clk 01:30:00]} {[%emt
00:00:02]} 2. c4 {[%clk 01:28:08]} {[%emt 00:01:35]} g6 {[%clk 01:29:26]}
{[%emt 00:00:44]} 3. Nc3 {[%clk 01:27:33]} {[%emt 00:00:45]} Bg7 {[%clk
01:29:21]} {[%emt 00:00:14]} 4. g3 {[%clk 01:27:33]} {[%emt 00:00:03]} Nc6
{[%clk 01:29:21]} {[%emt 00:00:10]} 5. Bg2 {[%clk 01:27:33]} {[%emt 00:00:05]}
e5 {[%clk 01:29:21]} {[%emt 00:00:06]} 6. O-O {[%clk 01:27:33]} {[%emt
00:00:07]} Nge7 {[%clk 01:29:21]} {[%emt 00:00:04]} 7. d3 {[%clk 01:27:26]}
{[%emt 00:00:18]} O-O {[%clk 01:29:21]} {[%emt 00:00:07]} 8. Ne1 {[%clk
01:26:38]} {[%emt 00:00:59]} d6 {[%clk 01:29:16]} {[%emt 00:00:15]} 9. Nc2
{[%clk 01:26:38]} {[%emt 00:00:04]} Be6 {[%clk 01:29:04]} {[%emt 00:00:22]} 10.
Rb1 {[%clk 01:25:35]} {[%emt 00:01:13]} Rb8 {[%clk 01:26:51]} {[%emt 00:02:23]}
11. a3 {[%clk 01:15:35]} {[%emt 00:10:10]} h6 {[%clk 01:26:33]} {[%emt
00:00:27]} 12. b4 {[%clk 01:08:26]} {[%emt 00:07:20]} b6 {[%clk 01:25:51]}
{[%emt 00:00:53]} 13. Ne3 {[%clk 01:07:52]} {[%emt 00:00:43]} f5 {[%clk
01:23:56]} {[%emt 00:02:05]} 14. Ned5 {[%clk 01:06:30]} {[%emt 00:01:32]} Kh7
{[%clk 01:22:58]} {[%emt 00:01:08]} 15. b5 {[%clk 01:01:14]} {[%emt 00:05:26]}
Bxd5 {[%clk 01:22:41]} {[%emt 00:00:26]} 16. Nxd5 {[%clk 00:58:29]} {[%emt
00:02:56]} Nxd5 {[%clk 01:22:23]} {[%emt 00:00:28]} 17. Bxd5 {[%clk 00:58:27]}
{[%emt 00:00:12]} Ne7 {[%clk 01:22:23]} {[%emt 00:00:09]} 18. Bg2 {[%clk
00:57:54]} {[%emt 00:00:44]} Qd7 {[%clk 01:21:50]} {[%emt 00:00:42]} 19. e3
{[%clk 00:53:52]} {[%emt 00:04:13]} Rbd8 {[%clk 01:19:51]} {[%emt 00:02:08]} 20.
Qb3 {[%clk 00:44:04]} {[%emt 00:09:58]} Rf7 {[%clk 01:16:43]} {[%emt 00:03:18]}
21. Bb2 {[%clk 00:43:34]} {[%emt 00:00:41]} f4 {[%clk 01:11:52]} {[%emt
00:05:00]} 22. exf4 {[%clk 00:37:12]} {[%emt 00:06:31]} exf4 {[%clk 01:10:47]}
{[%emt 00:01:16]} 23. Bxg7 {[%clk 00:32:57]} {[%emt 00:04:25]} Kxg7 {[%clk
01:09:48]} {[%emt 00:01:10]} 24. d4 {[%clk 00:28:11]} {[%emt 00:04:56]} Nf5
{[%clk 01:09:01]} {[%emt 00:00:56]} 25. dxc5 {[%clk 00:26:09]} {[%emt
00:02:14]} dxc5 {[%clk 01:08:28]} {[%emt 00:00:41]} 26. Bd5 {[%clk 00:25:40]}
{[%emt 00:00:39]} Nd4 {[%clk 01:08:20]} {[%emt 00:00:18]} 27. Qd3 {[%clk
00:22:36]} {[%emt 00:03:14]} f3 {[%clk 01:02:22]} {[%emt 00:06:08]} 28. Rfe1
{[%clk 00:19:09]} {[%emt 00:03:37]} Qh3 {[%clk 00:54:15]} {[%emt 00:08:16]} 29.
Qf1 {[%clk 00:18:52]} {[%emt 00:00:28]} Ne2+ {[%clk 00:53:11]} {[%emt
00:01:14]} 30. Kh1 {[%clk 00:18:17]} {[%emt 00:00:46]} Qxf1+ {[%clk 00:52:47]}
{[%emt 00:00:32]} 31. Rxf1 {[%clk 00:18:17]} {[%emt 00:00:03]} Rf6 {[%clk
00:51:59]} {[%emt 00:00:57]} 32. Rb3 {[%clk 00:17:44]} {[%emt 00:00:42]} Nd4
{[%clk 00:50:52]} {[%emt 00:01:17]} 33. Re3 {[%clk 00:17:44]} {[%emt 00:00:06]}
Rd7 {[%clk 00:50:39]} {[%emt 00:00:24]} 34. Rd1 {[%clk 00:16:21]} {[%emt
00:01:33]} Rfd6 {[%clk 00:49:25]} {[%emt 00:01:23]} 35. Bxf3 {[%clk 00:14:26]}
{[%emt 00:02:06]} Nxb5 {[%clk 00:49:20]} {[%emt 00:00:15]} 36. Rde1 {[%clk
00:13:24]} {[%emt 00:01:13]} Nd4 {[%clk 00:48:53]} {[%emt 00:00:37]} 37. Bd5
{[%clk 00:13:24]} {[%emt 00:00:01]} b5 {[%clk 00:46:50]} {[%emt 00:02:13]} 38.
Kg2 {[%clk 00:12:56]} {[%emt 00:00:37]} a5 {[%clk 00:46:36]} {[%emt 00:00:24]}
39. Bf3 {[%clk 00:10:39]} {[%emt 00:02:27]} b4 {[%clk 00:45:53]} {[%emt
00:00:53]} 40. Re5 {[%clk 00:10:00]} {[%emt 00:00:50]} bxa3 {[%clk 00:45:29]}
{[%emt 00:00:34]} 41. Rxc5 {[%clk 00:09:48]} {[%emt 00:00:22]} Nb3 {[%clk
00:44:57]} {[%emt 00:00:41]} 42. Rb5 {[%clk 00:08:09]} {[%emt 00:01:50]} a4
{[%clk 00:44:52]} {[%emt 00:00:14]} 43. c5 {[%clk 00:07:15]} {[%emt 00:01:04]}
Rf6 {[%clk 00:44:15]} {[%emt 00:00:47]} 44. c6 {[%clk 00:06:25]} {[%emt
00:01:01]} Ra7 {[%clk 00:42:03]} {[%emt 00:02:22]} 45. Re2 {[%clk 00:04:07]}
{[%emt 00:02:27]} Rxf3 {[%clk 00:42:02]} 0-1

[Event "2025 National K-12 Grade Championship"]
[Site "Spokane, WI USA, United States"]
[Date "2025.12.13"]
[Round "5.4"]
[White "Gross, Alexander William"]
[Black "Gardezi, Arsal"]
[Result "1-0"]
[TimeControl "G/90; d10"]
[WhiteFideId "30948096"]
[BlackFideId "30949521"]
[WhiteElo "1965"]
[BlackElo "2204"]

1. c4 {[%clk 01:27:35]} {[%emt 00:02:35]} Nf6 {[%clk 01:29:53]} {[%emt
00:00:17]} 2. Nc3 {[%clk 01:26:46]} {[%emt 00:00:59]} e5 {[%clk 01:29:46]}
{[%emt 00:00:18]} 3. Nf3 {[%clk 01:26:40]} {[%emt 00:00:15]} Nc6 {[%clk
01:29:45]} {[%emt 00:00:11]} 4. e4 {[%clk 01:26:34]} {[%emt 00:00:16]} g6
{[%clk 01:27:32]} {[%emt 00:02:23]} 5. d4 {[%clk 01:23:55]} {[%emt 00:02:49]}
exd4 {[%clk 01:27:31]} {[%emt 00:00:12]} 6. Nxd4 {[%clk 01:23:55]} {[%emt
00:00:05]} d6 {[%clk 01:27:31]} {[%emt 00:00:03]} 7. Nxc6 {[%clk 01:17:52]}
{[%emt 00:06:13]} bxc6 {[%clk 01:27:12]} {[%emt 00:00:28]} 8. Be2 {[%clk
01:17:29]} {[%emt 00:00:33]} Bg7 {[%clk 01:27:04]} {[%emt 00:00:18]} 9. h4
{[%clk 01:16:20]} {[%emt 00:01:18]} h5 {[%clk 01:24:05]} {[%emt 00:03:09]} 10.
Bg5 {[%clk 01:15:45]} {[%emt 00:00:45]} O-O {[%clk 01:23:45]} {[%emt 00:00:31]}
11. e5 {[%clk 01:11:46]} {[%emt 00:04:09]} dxe5 {[%clk 01:19:14]} {[%emt
00:04:41]} 12. Qxd8 {[%clk 01:11:46]} {[%emt 00:00:04]} Rxd8 {[%clk 01:19:14]}
{[%emt 00:00:05]} 13. Ne4 {[%clk 01:11:22]} {[%emt 00:00:34]} Nxe4 {[%clk
01:18:26]} {[%emt 00:00:58]} 14. Bxd8 {[%clk 01:11:22]} {[%emt 00:00:03]} Nc5
{[%clk 01:17:56]} {[%emt 00:00:40]} 15. Bxc7 {[%clk 01:10:04]} {[%emt
00:01:29]} Ne6 {[%clk 01:17:02]} {[%emt 00:01:04]} 16. Ba5 {[%clk 01:08:26]}
{[%emt 00:01:49]} Nd4 {[%clk 01:16:54]} {[%emt 00:00:17]} 17. Rd1 {[%clk
01:03:38]} {[%emt 00:04:57]} Be6 {[%clk 01:15:13]} {[%emt 00:01:51]} 18. b3
{[%clk 01:02:38]} {[%emt 00:01:12]} e4 {[%clk 01:15:08]} {[%emt 00:00:14]} 19.
c5 {[%clk 00:53:54]} {[%emt 00:08:54]} Re8 {[%clk 01:14:16]} {[%emt 00:01:02]}
20. Rc1 {[%clk 00:50:44]} {[%emt 00:03:20]} f5 {[%clk 01:09:39]} {[%emt
00:04:47]} 21. Bc4 {[%clk 00:45:26]} {[%emt 00:05:28]} f4 {[%clk 01:09:08]}
{[%emt 00:00:41]} 22. Bc3 {[%clk 00:44:27]} {[%emt 00:01:09]} e3 {[%clk
01:08:05]} {[%emt 00:01:13]} 23. Bxe6+ {[%clk 00:38:12]} {[%emt 00:06:25]} Nxe6
{[%clk 01:07:18]} {[%emt 00:00:57]} 24. Bxg7 {[%clk 00:37:24]} {[%emt
00:00:58]} Kxg7 {[%clk 01:07:06]} {[%emt 00:00:22]} 25. fxe3 {[%clk 00:35:22]}
{[%emt 00:02:12]} fxe3 {[%clk 01:07:06]} {[%emt 00:00:02]} 26. Ke2 {[%clk
00:34:51]} {[%emt 00:00:41]} Nd4+ {[%clk 01:04:54]} {[%emt 00:02:21]} 27. Kd3
{[%clk 00:34:49]} {[%emt 00:00:13]} Nf5 {[%clk 01:04:54]} {[%emt 00:00:01]} 28.
Rcd1 {[%clk 00:31:00]} {[%emt 00:03:59]} a5 {[%clk 00:54:55]} {[%emt 00:10:09]}
29. Rh3 {[%clk 00:30:18]} {[%emt 00:00:52]} Re5 {[%clk 00:54:42]} {[%emt
00:00:23]} 30. Re1 {[%clk 00:18:29]} {[%emt 00:11:59]} Rd5+ {[%clk 00:41:27]}
{[%emt 00:13:25]} 31. Kc4 {[%clk 00:18:15]} {[%emt 00:00:24]} Rd2 {[%clk
00:40:58]} {[%emt 00:00:38]} 32. Rhxe3 {[%clk 00:17:47]} {[%emt 00:00:38]}
Nxe3+ {[%clk 00:39:51]} {[%emt 00:01:18]} 33. Rxe3 {[%clk 00:17:47]} {[%emt
00:00:01]} Rxg2 {[%clk 00:39:51]} {[%emt 00:00:02]} 34. Re6 {[%clk 00:16:33]}
{[%emt 00:01:24]} Rg4+ {[%clk 00:38:44]} {[%emt 00:01:18]} 35. Kd3 {[%clk
00:16:05]} {[%emt 00:00:38]} Rxh4 {[%clk 00:35:43]} {[%emt 00:03:10]} 36. Rxc6
{[%clk 00:16:05]} {[%emt 00:00:02]} Rf4 {[%clk 00:29:52]} {[%emt 00:06:02]} 37.
Rc7+ {[%clk 00:13:19]} {[%emt 00:02:56]} Kh6 {[%clk 00:28:53]} {[%emt
00:01:08]} 38. c6 {[%clk 00:13:19]} {[%emt 00:00:08]} Kg5 {[%clk 00:23:28]}
{[%emt 00:05:34]} 39. Ra7 {[%clk 00:12:58]} {[%emt 00:00:32]} h4 {[%clk
00:22:43]} {[%emt 00:00:55]} 40. Rxa5+ {[%clk 00:12:58]} {[%emt 00:00:08]} Kg4
{[%clk 00:22:43]} {[%emt 00:00:02]} 41. Ra4 {[%clk 00:12:18]} {[%emt 00:00:51]}
1-0